000 00418nam a2200133Ia 4500
008 220214s9999 xx 000 0 und d
022 _a0019-5561
245 0 _aIndian Journal of Public Administration
260 _bIndian Institute of Public Administration
_aNew Delhi
500 _aEnding Volume & Year: 31, 1985
500 _aMissing Volume: 15-17;21-22
500 _aStarting Volume & Year: 11, 1965
942 _cBJ
999 _c12673
_d12673